[Event "American Continental 17th"]
[Site "Juan Dolio"]
[Date "2023.05.15"]
[Round "1"]
[White "Ramos Espinoza, Efren Andres"]
[Black "Henriquez Villagra, Cristobal"]
[Result "1/2-1/2"]
[WhiteElo "2141"]
[BlackElo "2616"]
[PlyCount "61"]
[EventDate "2023.05.15"]
[EventType "swiss"]
[EventRounds "11"]
[EventCountry "DOM"]
[SourceTitle "CBM 214 Extra"]
[Source "ChessBase"]
[SourceDate "2023.07.31"]
[SourceVersion "1"]
[SourceVersionDate "2023.07.31"]
[SourceQuality "1"]

1. e4 e5 2. Nf3 Nc6 3. Bb5 a6 4. Ba4 Nf6 5. 0-0 b5 6. Bb3 Be7 7. Re1 0-0 8. a4 Rb8 9. axb5 axb5 10. c3 d6 11. d4 exd4 12. cxd4 Bg4 13. Be3 d5 14. e5 Ne4 15. h3 Bf5 16. Nc3 Nb4 17. Qe2 c6 18. Rac1 h6 19. Na2 Ra8 20. Nxb4 Bxb4 21. Red1 Ra6 22. Ne1 Qh4 23. Nd3 Qe7 24. Qf3 Bh7 25. Nf4 Ng5 26. Qg4 Ne6 27. Rxc6 h5 28. Nxd5 Qd8 29. Nf6+ Qxf6 30. exf6 hxg4 31. Rxa6 1/2-1/2

[Event "Pereira Fiestas de la Cosecha"]
[Site "Pereira"]
[Date "2022.08.27"]
[Round "8"]
[White "Ramos Espinoza, Efren Andres"]
[Black "Borre Meza, Orlando David"]
[Result "1-0"]
[WhiteElo "2158"]
[BlackElo "1609"]
[PlyCount "189"]
[EventDate "2022.08.24"]
[EventType "swiss"]
[EventRounds "10"]
[EventCountry "COL"]
[SourceTitle "CBM 210 Extra"]
[Source "ChessBase"]
[SourceDate "2022.11.30"]
[SourceVersion "1"]
[SourceVersionDate "2022.11.30"]
[SourceQuality "1"]

1. d4 d5 2. c4 e6 3. Nf3 Nf6 4. g3 Be7 5. Bg2 0-0 6. 0-0 b6 7. Nc3 Bb7 8. Ne5 Nbd7 9. Qa4 Nxe5 10. dxe5 Ne4 11. Nxe4 dxe4 12. Qc2 Qd4 13. Bf4 f5 14. exf6 Bxf6 15. Rad1 Qxb2 16. Bxe4 Qxc2 17. Bxc2 e5 18. Be3 Rad8 19. c5 Ba6 20. Bb3+ Kh8 21. Rfe1 Be7 22. Rc1 h6 23. cxb6 cxb6 24. Rc7 Bb4 25. Rec1 Bxe2 26. Rxa7 Bd2 27. Bxd2 Rxd2 28. Rcc7 Rb2 29. Bc2 Rd8 30. Be4 Rd1+ 31. Kg2 Bf1+ 32. Kf3 Be2+ 33. Ke3 Rd8 34. Rd7 Rc8 35. Rac7 Rg8 36. Rd6 Rf8 37. Rd2 Rxd2 38. Kxd2 Bf3 39. Bg6 Bd5 40. Ke3 Bxa2 41. Rb7 Bd5 42. Rxb6 Rf3+ 43. Ke2 Rf8 44. Rd6 Bf7 45. Be4 Bc4+ 46. Ke3 Rb8 47. Rc6 Bf7 48. Rc7 Kg8 49. Re7 Rb3+ 50. Ke2 Rb2+ 51. Ke1 Rb5 52. Bd3 Ra5 53. Rc7 g6 54. h4 Ra1+ 55. Kd2 Ra2+ 56. Ke3 Ra3 57. Rc5 Kf8 58. g4 Ke7 59. Rxe5+ Kd6 60. Re4 Bd5 61. Rb4 Kc5 62. Rf4 g5 63. hxg5 hxg5 64. Rf5 Kd6 65. Kd2 Ra2+ 66. Kc1 Be6 67. Rf6 Ra1+ 68. Kb2 Ra2+ 69. Kb1 Ra5 70. Bf5 Re5 71. Kc2 Ke7 72. Rxe6+ Rxe6 73. Bxe6 Kxe6 74. Kd3 Kd5 75. Ke3 Ke5 76. f3 Kf6 77. Kd4 Ke6 78. Ke4 Kf6 79. Kd5 Kg7 80. Ke5 Kg6 81. Ke6 Kg7 82. Kf5 Kh6 83. Kf6 Kh7 84. Kxg5 Kg7 85. Kf5 Kf7 86. f4 Kg7 87. Ke6 Kg8 88. Ke7 Kg7 89. f5 Kh7 90. f6 Kg6 91. f7 Kh7 92. f8Q Kg6 93. Qf5+ Kg7 94. Qg5+ Kh7 95. Kf7 1-0

[Event "Olympiad-44"]
[Site "Chennai"]
[Date "2022.08.08"]
[Round "10.3"]
[White "Ramos Espinoza, Efren Andres"]
[Black "Uapingene, Uatiavi Jossy"]
[Result "1-0"]
[WhiteElo "2158"]
[BlackElo "1798"]
[PlyCount "101"]
[EventDate "2022.07.29"]
[EventType "team-swiss"]
[EventRounds "11"]
[EventCountry "IND"]
[SourceTitle "CBM 210"]
[Source "ChessBase"]
[SourceDate "2022.10.31"]
[SourceVersion "1"]
[SourceVersionDate "2022.10.31"]
[SourceQuality "1"]
[WhiteTeam "Panama"]
[BlackTeam "Namibia"]
[WhiteTeamCountry "PAN"]
[BlackTeamCountry "NAM"]

1. d4 Nf6 2. Nf3 e6 3. c4 Bb4+ 4. Bd2 Qe7 5. a3 Bxd2+ 6. Qxd2 Ne4 7. Qd3 f5 8. Nc3 Nxc3 9. bxc3 0-0 10. e4 b6 11. Qc2 Nc6 12. Bd3 Ba6 13. 0-0 Qf6 14. exf5 exf5 15. Qa4 Bb7 16. Rfe1 d6 17. Bf1 Rad8 18. c5 Na5 19. Bc4+ Nxc4 20. Qxc4+ d5 21. Qa4 Qc6 22. Qxc6 Bxc6 23. Re7 Rc8 24. Ne5 Rf6 25. Re1 bxc5 26. dxc5 Kf8 27. Nd7+ Bxd7 28. Rxd7 Ra6 29. Rxd5 g6 30. Rd7 Rxa3 31. h4 Rxc3 32. Rxh7 Kg8 33. Ree7 Rxc5 34. Reg7+ Kf8 35. Rxg6 Rb8 36. Ra6 Rb7 37. h5 Kg8 38. Rd7 f4 39. Rg6+ Kf8 40. Rh6 Ke8 41. Rg7 Kf8 42. Rg4 Rf5 43. Kf1 a5 44. Rh8+ Kf7 45. h6 Rb1+ 46. Ke2 f3+ 47. gxf3 Rb2+ 48. Ke3 Rb3+ 49. Ke4 Rbxf3 50. h7 Rxf2 51. Rc8 1-0

[Event "Olympiad-44"]
[Site "Chennai"]
[Date "2022.08.02"]
[Round "5.3"]
[White "Germinal, Kemly"]
[Black "Ramos Espinoza, Efren Andres"]
[Result "1/2-1/2"]
[WhiteElo "1997"]
[BlackElo "2158"]
[PlyCount "149"]
[EventDate "2022.07.29"]
[EventType "team-swiss"]
[EventRounds "11"]
[EventCountry "IND"]
[SourceTitle "CBM 210"]
[Source "ChessBase"]
[SourceDate "2022.10.31"]
[SourceVersion "1"]
[SourceVersionDate "2022.10.31"]
[SourceQuality "1"]
[WhiteTeam "Haiti"]
[BlackTeam "Panama"]
[WhiteTeamCountry "HAI"]
[BlackTeamCountry "PAN"]

1. e4 c6 2. d4 d5 3. e5 c5 4. c3 Nc6 5. Be3 Qb6 6. Na3 cxd4 7. cxd4 Bf5 8. Bb5 e6 9. Qa4 Bxa3 10. bxa3 Nge7 11. Ne2 0-0 12. 0-0 a6 13. Bxc6 Nxc6 14. Rfc1 Rac8 15. Ng3 Bg6 16. h4 h6 17. Nf1 Na5 18. Qb4 Qb5 19. Rxc8 Rxc8 20. Rc1 Rxc1 21. Bxc1 Qxb4 22. axb4 Nc6 23. Bb2 Nxb4 24. a3 Nd3 25. Bc3 Nc1 26. Bb2 Nb3 27. Bc3 Bd3 28. Nd2 Nc1 29. Bb2 Ne2+ 30. Kh2 Bc2 31. g3 a5 32. Kg2 f6 33. f4 fxe5 34. fxe5 Kf7 35. Kf2 Bd3 36. Nb3 b6 37. Nc1 Nxc1 38. Bxc1 Ke7 39. Ke3 Bc4 40. Kd2 Ke8 41. Ke3 Bb3 42. Kd2 Kd7 43. Kc3 Bd1 44. Kd2 Ba4 45. Kc3 Kc6 46. g4 Bd1 47. g5 h5 48. g6 Bg4 49. Bh6 Bf5 50. Bxg7 Bxg6 51. a4 Kd7 52. Bf6 Be4 53. Kb3 Bd3 54. Bg5 Bc4+ 55. Ka3 Be2 56. Bf6 Bd1 57. Bg5 Kc6 58. Be7 Be2 59. Bd8 Bc4 60. Bf6 Kd7 61. Bg5 Ke8 62. Bf6 b5 63. axb5 Bxb5 64. Bg5 Kf7 65. Bd8 a4 66. Bb6 Kg6 67. Bc5 Kf5 68. Bd6 Ke4 69. Bc5 Kf3 70. Bd6 Kf4 71. Bc5 Be8 72. Bd6 Ke4 73. Bc5 Kf4 74. Bd6 Ke4 75. Bc5 1/2-1/2

[Event "Olympiad-44"]
[Site "Chennai"]
[Date "2022.07.31"]
[Round "3.2"]
[White "Ramos Espinoza, Efren Andres"]
[Black "Liu, Yeh Yang"]
[Result "1/2-1/2"]
[WhiteElo "2158"]
[BlackElo "1994"]
[PlyCount "78"]
[EventDate "2022.07.29"]
[EventType "team-swiss"]
[EventRounds "11"]
[EventCountry "IND"]
[SourceTitle "CBM 210"]
[Source "ChessBase"]
[SourceDate "2022.10.31"]
[SourceVersion "1"]
[SourceVersionDate "2022.10.31"]
[SourceQuality "1"]
[WhiteTeam "Panama"]
[BlackTeam "Chinese Taipei"]
[WhiteTeamCountry "PAN"]
[BlackTeamCountry "TPE"]

1. c4 Nf6 2. Nc3 c5 3. g3 g6 4. Bg2 Bg7 5. Nf3 0-0 6. 0-0 Nc6 7. d4 cxd4 8. Nxd4 Nxd4 9. Qxd4 d6 10. Qd2 Rb8 11. b3 a6 12. Bb2 b5 13. cxb5 axb5 14. Nd5 Nxd5 15. Bxg7 Kxg7 16. Qxd5 Qb6 17. Rfc1 Bb7 18. Qd3 b4 19. Rc2 Rfc8 20. Rac1 Rxc2 21. Rxc2 Bxg2 22. Kxg2 Ra8 23. h4 Ra5 24. f3 e6 25. Qd2 d5 26. h5 f6 27. h6+ Kf7 28. Rc8 g5 29. Qc2 f5 30. Rc7+ Kg6 31. Rg7+ Kxh6 32. Rg8 Ra7 33. Qc8 Qe3 34. Qf8+ Kh5 35. Kh3 Qxe2 36. Qe8+ Kh6 37. Qf8+ Kh5 38. Qe8+ Kh6 39. Qf8+ Kh5 1/2-1/2

[Event "Caissa CC Online"]
[Site "Chess.com INT"]
[Date "2022.01.22"]
[Round "5"]
[White "Molina Hun, Hieysson"]
[Black "Ramos Espinoza, Efren Andres"]
[Result "0-1"]
[WhiteElo "1600"]
[BlackElo "2156"]
[PlyCount "120"]
[EventDate "2022.01.22"]
[EventType "swiss (rapid)"]
[EventRounds "7"]
[EventCountry "GUA"]
[SourceTitle "CBM 206 Extra"]
[Source "ChessBase"]
[SourceDate "2022.03.31"]
[SourceVersion "1"]
[SourceVersionDate "2022.03.31"]
[SourceQuality "1"]

1. e4 e5 2. Nf3 Nf6 3. Nc3 Nc6 4. Be2 Bb4 5. d3 d5 6. exd5 Nxd5 7. Bd2 Be7 8. 0-0 0-0 9. Re1 f5 10. Nxd5 Qxd5 11. c4 Qf7 12. Bf1 Bf6 13. Bc3 Re8 14. Qc2 a5 15. b3 g5 16. Qb2 Qg7 17. a3 g4 18. Nd2 Bd7 19. b4 axb4 20. axb4 Nd4 21. Bxd4 exd4 22. Nb3 Rxa1 23. Rxe8+ Bxe8 24. Qxa1 b6 25. Qa8 Qd7 26. Nc1 Kg7 27. Ne2 Be5 28. b5 Bf7 29. Nc1 Qd6 30. g3 h5 31. Qc8 Be6 32. Qe8 Bf7 33. Qc8 f4 34. Qf5 f3 35. Qg5+ Bg6 36. Nb3 Qf6 37. Qc1 h4 38. Qa3 hxg3 39. hxg3 Bxg3 40. fxg3 Qe5 41. Kh2 Qe1 42. Qc1 Qf2+ 43. Kh1 Qxg3 44. Nxd4 Qf2 45. Ne6+ Kh7 46. Ng5+ Kg8 47. Ne4 Qh4+ 48. Kg1 g3 49. Qd2 f2+ 50. Kg2 Qh2+ 51. Kf3 g2 52. Bxg2 Bxe4+ 53. dxe4 f1Q+ 54. Ke3 Qhxg2 55. Qd8+ Qf8 56. Qd5+ Qf7 57. Qd8+ Kg7 58. Qd4+ Kg6 59. Qd8 Qff3+ 60. Kd4 Qd2+ 0-1

[Event "Titled Tuesday intern op 06th Apr"]
[Site "Chess.com INT"]
[Date "2021.04.06"]
[Round "2"]
[White "Ramos Espinoza, Efren Andres"]
[Black "Marczuk, Dominik"]
[Result "0-1"]
[WhiteElo "2150"]
[BlackElo "2292"]
[PlyCount "144"]
[EventDate "2021.04.06"]
[EventType "swiss (blitz)"]
[EventRounds "11"]
[EventCountry "USA"]
[SourceTitle "CBM 201 Extra"]
[Source "ChessBase"]
[SourceDate "2021.05.31"]
[SourceVersion "1"]
[SourceVersionDate "2021.05.31"]
[SourceQuality "1"]

1. d4 Nf6 2. c4 d6 3. Nf3 Nbd7 4. Nc3 e5 5. g3 Be7 6. Bg2 0-0 7. 0-0 c6 8. Qc2 Qc7 9. Rd1 exd4 10. Nxd4 Re8 11. b3 a5 12. Bb2 Nc5 13. h3 Bf8 14. Rd2 g6 15. e3 Bg7 16. Rad1 Nfd7 17. Nf3 Bf8 18. Ba1 Ne5 19. Nxe5 dxe5 20. Ne4 Nxe4 21. Qxe4 Bf5 22. Qh4 Be7 23. Qh6 Rad8 24. Rxd8 Rxd8 25. Rxd8+ Bxd8 26. e4 Be6 27. Qd2 Be7 28. Bc3 b6 29. h4 Bc5 30. Qg5 Bd4 31. Bxd4 exd4 32. Qf6 Qd7 33. h5 gxh5 34. Qg5+ Kf8 35. Qh6+ Ke7 36. Qg5+ Kf8 37. Qh6+ Ke8 38. Qxh7 d3 39. Qg8+ Ke7 40. Qg5+ Kf8 41. Qh6+ Ke8 42. Qd2 a4 43. Bf3 axb3 44. axb3 b5 45. cxb5 cxb5 46. b4 Qd4 47. Kg2 Qc4 48. Bxh5 Qc2 49. Qh6 Kd7 50. Qf6 Qc4 51. Qe5 Qxb4 52. f4 d2 53. f5 Bb3 54. f6 Qd6 55. Qxb5+ Kc7 56. Qxb3 Qe5 57. Qxf7+ Kb6 58. Qd5 Qb2 59. Kh3 Qxf6 60. Be2 Qc3 61. Qb5+ Kc7 62. Qc4+ Qxc4 63. Bxc4 d1Q 64. Bd5 Qh1+ 65. Kg4 Qe1 66. Kf5 Kd6 67. g4 Qf2+ 68. Kg6 Ke5 69. g5 Qh4 70. Bc6 Kf4 71. Bd5 Qxg5+ 72. Kf7 Ke5 0-1

[Event "Titled Tuesday intern op 06th Apr"]
[Site "Chess.com INT"]
[Date "2021.04.06"]
[Round "9"]
[White "Trost, Edvin"]
[Black "Ramos Espinoza, Efren Andres"]
[Result "0-1"]
[WhiteElo "2184"]
[BlackElo "2150"]
[PlyCount "62"]
[EventDate "2021.04.06"]
[EventType "swiss (blitz)"]
[EventRounds "11"]
[EventCountry "USA"]
[SourceTitle "CBM 201 Extra"]
[Source "ChessBase"]
[SourceDate "2021.05.31"]
[SourceVersion "1"]
[SourceVersionDate "2021.05.31"]
[SourceQuality "1"]

1. e4 c5 2. Ke2 d5 3. exd5 Nf6 4. Ke3 Qxd5 5. d3 Nc6 6. c3 Bg4 7. f3 Bf5 8. Kf2 Rd8 9. Be3 e6 10. Ne2 Qxd3 11. Qb3 Nd5 12. Bc1 c4 13. Qxb7 Bc5+ 14. Kg3 Nde7 15. Bf4 g5 16. Bc7 Bd6+ 17. Bxd6 Qxd6+ 18. Kf2 Qc5+ 19. Kg3 Bxb1 20. Rxb1 h5 21. h3 Qe5+ 22. Kf2 0-0 23. Re1 Rb8 24. Qa6 Rxb2 25. Qxc4 Rd8 26. g3 Rdd2 27. Qe4 Rxa2 28. Bg2 Qc5+ 29. Kf1 Nd5 30. c4 Ne3+ 31. Kg1 Ng4+ 0-1

[Event "Titled Tuesday intern op 02nd Feb"]
[Site "Chess.com INT"]
[Date "2021.02.02"]
[Round "6"]
[White "Vidruska, Renate"]
[Black "Ramos Espinoza, Efren Andres"]
[Result "1-0"]
[WhiteElo "2000"]
[BlackElo "2150"]
[PlyCount "109"]
[EventDate "2021.02.02"]
[EventType "swiss (blitz)"]
[EventRounds "11"]
[EventCountry "USA"]
[SourceTitle "CBM 200 Extra"]
[Source "ChessBase"]
[SourceDate "2021.03.31"]
[SourceVersion "1"]
[SourceVersionDate "2021.03.31"]
[SourceQuality "1"]

1. e4 d6 2. d4 Nf6 3. Nc3 Nbd7 4. e5 dxe5 5. dxe5 Nxe5 6. Qxd8+ Kxd8 7. Bf4 Ng6 8. 0-0-0+ Bd7 9. Bg3 c6 10. h4 h5 11. f4 e6 12. f5 exf5 13. Bc4 f4 14. Bf2 Ne5 15. Bb3 Bb4 16. Bd4 Nfg4 17. Ne4 Kc7 18. Nh3 f3 19. gxf3 Nxf3 20. Bxg7 Rhg8 21. Nf6 Nxf6 22. Bxf6 Be6 23. Bxe6 fxe6 24. Nf4 Rae8 25. Nxh5 Rg6 26. Rhf1 Nh2 27. Be5+ Kb6 28. Bxh2 Rh8 29. Bg1+ Ka6 30. Nf4 Rg4 31. Nxe6 b6 32. a3 Be7 33. Rf7 Bxh4 34. Nc7+ Ka5 35. b4+ Ka4 36. Kb2 a5 37. bxa5 bxa5 38. Bd4 Rb8+ 39. Ka2 Rg3 40. Bb2 Bd8 41. Rf4+ Rb4 42. axb4 axb4 43. Ne6 Be7 44. Rd7 Bd6 45. Nd4 Ka5 46. Rxd6 Kb6 47. Rxc6+ Kb7 48. Rf7+ Kb8 49. Rh6 Rg8 50. Nc6+ Kc8 51. Ne7+ Kd8 52. Nxg8 Ke8 53. Ra7 Kf8 54. Rb6 b3+ 55. Kxb3 1-0

[Event "Caissa Guatemala Online"]
[Site "Chess.com INT"]
[Date "2021.01.23"]
[Round "3"]
[White "Chung Hurtado, Yaleika"]
[Black "Ramos Espinoza, Efren Andres"]
[Result "1/2-1/2"]
[WhiteElo "1706"]
[BlackElo "2150"]
[PlyCount "20"]
[EventDate "2021.01.23"]
[EventType "swiss (blitz)"]
[EventRounds "7"]
[EventCountry "GUA"]
[SourceTitle "CBM 200 Extra"]
[Source "ChessBase"]
[SourceDate "2021.03.31"]
[SourceVersion "1"]
[SourceVersionDate "2021.03.31"]
[SourceQuality "1"]

1. Nf3 Nf6 2. c4 e6 3. b3 d5 4. Bb2 Be7 5. g3 0-0 6. Bg2 b6 7. 0-0 Bb7 8. d4 dxc4 9. bxc4 Nbd7 10. Nc3 Ne4 1/2-1/2

[Event "Titled Tuesday intern op 5th May"]
[Site "Chess.com INT"]
[Date "2020.05.05"]
[Round "3"]
[White "Harris, Ian"]
[Black "Ramos Espinoza, Efren Andres"]
[Result "1-0"]
[WhiteElo "2181"]
[BlackElo "2190"]
[PlyCount "49"]
[EventDate "2020.05.05"]
[EventType "swiss (blitz)"]
[EventRounds "10"]
[EventCountry "USA"]
[SourceTitle "EXT 2021"]
[Source "ChessBase"]
[SourceDate "2020.10.23"]
[SourceVersion "1"]
[SourceVersionDate "2020.10.23"]
[SourceQuality "1"]

1. d4 d5 2. Bf4 e6 3. e3 Bd6 4. Bxd6 cxd6 5. Qg4 Kf8 6. Nd2 Nf6 7. Qg3 h5 8. h4 Nc6 9. c3 e5 10. Ngf3 Ng4 11. Be2 g6 12. 0-0-0 Qa5 13. Kb1 Bf5+ 14. Ka1 f6 15. Nb3 Qa4 16. dxe5 Bc2 17. Nfd4 Bxd1 18. Rxd1 dxe5 19. Bb5 exd4 20. Bxa4 dxc3 21. bxc3 Ne7 22. Nc5 Kf7 23. Bb3 Rhd8 24. Nxb7 Rdc8 25. Nd6+ 1-0

[Event "Titled Tuesday intern op 5th May"]
[Site "Chess.com INT"]
[Date "2020.05.05"]
[Round "1"]
[White "Liang, Justin S"]
[Black "Ramos Espinoza, Efren Andres"]
[Result "1/2-1/2"]
[WhiteElo "2067"]
[BlackElo "2190"]
[PlyCount "51"]
[EventDate "2020.05.05"]
[EventType "swiss (blitz)"]
[EventRounds "10"]
[EventCountry "USA"]
[SourceTitle "EXT 2021"]
[Source "ChessBase"]
[SourceDate "2020.10.23"]
[SourceVersion "1"]
[SourceVersionDate "2020.10.23"]
[SourceQuality "1"]

1. d4 Nf6 2. c4 e6 3. Nf3 b6 4. e3 Bb7 5. Bd3 d5 6. 0-0 Bd6 7. b3 Nbd7 8. Bb2 a6 9. Nc3 c5 10. cxd5 exd5 11. Qc2 cxd4 12. Nxd4 0-0 13. Rac1 g6 14. Rfd1 Qe7 15. Qb1 Ne5 16. Bf1 b5 17. Nce2 Neg4 18. Ng3 Bxg3 19. hxg3 Nxf2 20. Kxf2 Ng4+ 21. Ke1 Qxe3+ 22. Ne2 Qf2+ 23. Kd2 Qe3+ 24. Ke1 Qf2+ 25. Kd2 Qe3+ 26. Ke1 1/2-1/2

[Event "Titled Tuesday intern op 5th May"]
[Site "Chess.com INT"]
[Date "2020.05.05"]
[Round "7"]
[White "Ramos Espinoza, Efren Andres"]
[Black "Cramling Bellon, Anna"]
[Result "1-0"]
[WhiteElo "2190"]
[BlackElo "2035"]
[PlyCount "151"]
[EventDate "2020.05.05"]
[EventType "swiss (blitz)"]
[EventRounds "10"]
[EventCountry "USA"]
[SourceTitle "EXT 2021"]
[Source "ChessBase"]
[SourceDate "2020.10.23"]
[SourceVersion "1"]
[SourceVersionDate "2020.10.23"]
[SourceQuality "1"]

1. d4 Nf6 2. Bg5 d5 3. Nc3 e6 4. e3 Be7 5. Bd3 Nbd7 6. Nf3 c5 7. 0-0 0-0 8. Ne5 c4 9. Be2 Nxe5 10. dxe5 Nd7 11. Bxe7 Qxe7 12. f4 a6 13. a4 Nc5 14. Qd4 b6 15. Bf3 Bb7 16. Kh1 f6 17. exf6 Qxf6 18. a5 Qxd4 19. exd4 Nd7 20. axb6 Nxb6 21. g3 Rae8 22. Rae1 Nc8 23. Re5 Nd6 24. Rfe1 Bc8 25. Kg2 Bd7 26. h3 Nf5 27. Ne2 Ne7 28. g4 Nc6 29. Re3 g6 30. b3 cxb3 31. Rxb3 Rb8 32. Reb1 Rxb3 33. Rxb3 Rb8 34. Rxb8+ Nxb8 35. Kf2 Nc6 36. Ke3 Kf7 37. Nc3 Kf6 38. Na4 Nb4 39. Nc5 Bb5 40. c3 Nc2+ 41. Kd2 Na3 42. Be2 Nc4+ 43. Bxc4 Bxc4 44. Nd7+ Ke7 45. Ne5 Kd6 46. g5 a5 47. h4 a4 48. Kc2 a3 49. Ng4 a2 50. Kb2 Ke7 51. Nf6 Kd6 52. Nxh7 Ke7 53. Nf6 Kd6 54. Ng4 Ke7 55. Ne5 Kf8 56. Nxc4 dxc4 57. Kxa2 Ke7 58. Ka3 Kd6 59. Kb4 Kd5 60. Kb5 Ke4 61. Kxc4 Kxf4 62. d5 Ke5 63. dxe6 Kxe6 64. Kc5 Kf5 65. c4 Kg4 66. Kd6 Kxh4 67. c5 Kxg5 68. c6 Kf4 69. c7 g5 70. c8Q g4 71. Qf8+ Kg3 72. Ke5 Kh2 73. Qf4+ g3 74. Ke4 Kh3 75. Kf3 g2 76. Qg3# 1-0

[Event "Titled Tuesday intern op 7th May"]
[Site "Chess.com INT"]
[Date "2019.05.07"]
[Round "3"]
[White "Gschnitzer, Adrian"]
[Black "Ramos Espinoza, Efren Andres"]
[Result "0-1"]
[WhiteElo "2419"]
[BlackElo "2190"]
[PlyCount "84"]
[EventDate "2019.05.07"]
[EventType "swiss (blitz)"]
[EventRounds "10"]
[EventCountry "USA"]
[SourceTitle "EXT 2021"]
[Source "ChessBase"]
[SourceDate "2020.10.23"]
[SourceVersion "1"]
[SourceVersionDate "2020.10.23"]
[SourceQuality "1"]

1. c4 e5 2. Nc3 Bb4 3. Nd5 Be7 4. Nf3 c6 5. Nc3 d6 6. d4 exd4 7. Nxd4 Nf6 8. g3 0-0 9. Bg2 Re8 10. 0-0 h6 11. b3 Bf8 12. Bb2 a5 13. Qc2 Na6 14. Rad1 Qc7 15. Rfe1 Bg4 16. h3 Bh5 17. Nf5 Bg6 18. g4 Nb4 19. Qb1 Rad8 20. a3 Na6 21. Ne4 Nxe4 22. Bxe4 Nc5 23. Bc2 Bxf5 24. gxf5 d5 25. Kh1 Ne4 26. Bxe4 Rxe4 27. cxd5 cxd5 28. Rxd5 Rxe2 29. Rxd8 Rxe1+ 30. Qxe1 Qxd8 31. Kg1 Qg5+ 32. Kh2 Qxf5 33. Kg2 Qg5+ 34. Kf1 Qb5+ 35. Kg2 Qxb3 36. Qe5 b5 37. h4 b4 38. axb4 Qxb4 39. h5 a4 40. Bc3 Qg4+ 41. Kh2 Qd7 42. Ba1 Bd6 0-1

[Event "Titled Tuesday intern op 7th May"]
[Site "Chess.com INT"]
[Date "2019.05.07"]
[Round "9"]
[White "Osinovsky, Stepan"]
[Black "Ramos Espinoza, Efren Andres"]
[Result "1-0"]
[WhiteElo "2241"]
[BlackElo "2190"]
[PlyCount "77"]
[EventDate "2019.05.07"]
[EventType "swiss (blitz)"]
[EventRounds "10"]
[EventCountry "USA"]
[SourceTitle "EXT 2021"]
[Source "ChessBase"]
[SourceDate "2020.10.23"]
[SourceVersion "1"]
[SourceVersionDate "2020.10.23"]
[SourceQuality "1"]

1. Nf3 Nf6 2. g3 g6 3. Bg2 Bg7 4. 0-0 0-0 5. d3 d5 6. Nbd2 c6 7. e4 a5 8. Re1 Na6 9. e5 Ne8 10. h4 Bg4 11. Nf1 Nc5 12. N1h2 Bc8 13. h5 a4 14. a3 Ne6 15. Bd2 d4 16. Qc1 N8c7 17. Bh6 Nd5 18. Re4 f5 19. Rh4 Qe8 20. Qd2 f4 21. hxg6 hxg6 22. Ng4 Rf5 23. c4 dxc3 24. bxc3 Qf8 25. c4 Ndc7 26. d4 fxg3 27. Bxg7 gxf2+ 28. Kxf2 Kxg7 29. Rah1 Ng5 30. Qxg5 Rxg5 31. Rh7+ Kg8 32. Rh8+ Kf7 33. Nxg5+ Ke8+ 34. Rxf8+ Kxf8 35. Rh8+ Kg7 36. Rh7+ Kf8 37. Nh6 Ne6 38. Nxe6+ Bxe6 39. Rh8+ 1-0

[Event "Olympiad-43"]
[Site "Batumi"]
[Date "2018.10.05"]
[Round "11.3"]
[White "Mohammad Fahad, Rahman"]
[Black "Ramos Espinoza, Efren Andres"]
[Result "1-0"]
[WhiteElo "2263"]
[BlackElo "2244"]
[PlyCount "98"]
[EventDate "2018.09.24"]
[EventType "team-swiss"]
[EventRounds "11"]
[EventCountry "GEO"]
[SourceTitle "CBM 187"]
[Source "ChessBase"]
[SourceDate "2018.12.11"]
[SourceVersion "1"]
[SourceVersionDate "2018.12.11"]
[SourceQuality "1"]
[WhiteTeam "Bangladesh"]
[BlackTeam "Panama"]
[WhiteTeamCountry "BAN"]
[BlackTeamCountry "PAN"]

1. e4 c6 2. Nc3 d5 3. Nf3 dxe4 4. Nxe4 Nf6 5. Qe2 Nxe4 6. Qxe4 Qd5 7. Qh4 Bf5 8. Bc4 Qd6 9. 0-0 e6 10. d3 Be7 11. Bf4 Bxh4 12. Bxd6 Bf6 13. a4 Nd7 14. a5 Bg4 15. Nd2 Be7 16. Bf4 Nf6 17. Be5 Nd7 18. Bf4 Nf6 19. h3 Bf5 20. Rfe1 Nd5 21. Be5 0-0 22. c3 Rfd8 23. Nb3 Rac8 24. d4 c5 25. Bf1 cxd4 26. Nxd4 a6 27. Nxf5 exf5 28. Rad1 Bc5 29. Bd3 g6 30. Bc4 Bxf2+ 31. Kxf2 Rxc4 32. Bf6 Nxf6 33. Rxd8+ Kg7 34. Re7 Ne4+ 35. Ke3 Ra4 36. Rdd7 f4+ 37. Ke2 Ng5 38. Rxb7 Kf6 39. Rec7 Rxa5 40. h4 Ne6 41. Rxf7+ Ke5 42. Rxh7 Ra1 43. h5 g5 44. Rhe7 Kf6 45. h6 Rh1 46. h7 g4 47. Re8 f3+ 48. gxf3 gxf3+ 49. Kxf3 Ng5+ 1-0

[Event "Olympiad-43"]
[Site "Batumi"]
[Date "2018.10.03"]
[Round "9.4"]
[White "Guzman, Christopher"]
[Black "Ramos Espinoza, Efren Andres"]
[Result "0-1"]
[WhiteElo "2283"]
[BlackElo "2244"]
[PlyCount "94"]
[EventDate "2018.09.24"]
[EventType "team-swiss"]
[EventRounds "11"]
[EventCountry "GEO"]
[SourceTitle "CBM 187"]
[Source "ChessBase"]
[SourceDate "2018.12.11"]
[SourceVersion "1"]
[SourceVersionDate "2018.12.11"]
[SourceQuality "1"]
[WhiteTeam "Dominican Republic"]
[BlackTeam "Panama"]
[WhiteTeamCountry "DOM"]
[BlackTeamCountry "PAN"]

1. e4 c6 2. Nf3 d5 3. Nc3 dxe4 4. Nxe4 Nf6 5. Nxf6+ exf6 6. d4 Na6 7. c3 Nc7 8. Bd3 Bd6 9. 0-0 0-0 10. h3 Re8 11. Qc2 g6 12. Bd2 Nd5 13. Rfe1 Be6 14. a3 Qd7 15. Bf1 b5 16. a4 a6 17. b3 Bf5 18. Qc1 Rxe1 19. Nxe1 Re8 20. Nd3 h5 21. c4 Nc7 22. Nc5 Bxc5 23. dxc5 Bd3 24. cxb5 Bxf1 25. b6 Bxg2 26. Kxg2 Qd5+ 27. Kg1 Ne6 28. Be3 f5 29. Qd1 Qe5 30. Rc1 f4 31. Bd2 Nd4 32. Rc4 Ne2+ 33. Kh2 f3+ 34. Kh1 Qf5 35. Kh2 Qe5+ 36. Kh1 Rd8 37. b7 a5 38. Qe1 Rb8 39. b4 Rxb7 40. b5 Qe6 41. Rh4 cxb5 42. Qb1 Qe7 43. Re4 Qd7 44. Kh2 Qxd2 45. axb5 Qg5 46. Qf1 Rxb5 47. h4 Qxc5 0-1

[Event "Panama City Chess Rumble op"]
[Site "Panama City"]
[Date "2017.11.04"]
[Round "7"]
[White "Ramos Espinoza, Efren Andres"]
[Black "Rios, Cristhian Camilo"]
[Result "0-1"]
[WhiteElo "2157"]
[BlackElo "2436"]
[PlyCount "56"]
[EventDate "2017.11.04"]
[EventType "game (blitz)"]
[EventRounds "9"]
[EventCountry "PAN"]
[SourceTitle "CBM 181 Extra"]
[Source "ChessBase"]
[SourceDate "2017.12.12"]
[SourceVersion "1"]
[SourceVersionDate "2017.12.12"]
[SourceQuality "1"]

1. d4 Nf6 2. Bg5 e6 3. Nd2 h6 4. Bh4 d6 5. e3 Nbd7 6. Ngf3 b6 7. Be2 Bb7 8. 0-0 g5 9. Bg3 h5 10. h4 gxh4 11. Bxh4 Be7 12. Bd3 Rg8 13. Re1 Ng4 14. Bxe7 Qxe7 15. Be4 Bxe4 16. Nxe4 f5 17. Nc3 h4 18. Kf1 Ndf6 19. e4 fxe4 20. Nxe4 Nd5 21. Qd2 0-0-0 22. c4 Ndf6 23. a4 h3 24. gxh3 Nxe4 25. Rxe4 Qh7 26. Rae1 Qxh3+ 27. Ke2 Qg2 28. Qd3 Nxf2 0-1